000 00902cam a22003017a 4500
003 CHAP
005 20220329134610.0
008 971013s1942 r 00010 d
010 _a22817
011 _a23789
035 _a27886
040 _cCHAP
082 _a591.1
_bD84
100 0 0 _aDukes, Henry Hugh.
_934439
245 1 4 _aThe physiology of domestic animals
250 _a5 ed.
260 _aIthaca :
_bComstock,
_c1942
300 _a721 p.
_b: ilus.
590 _aBATCH-UPD
_b10
_c20130110
_lUCH01
_h0942
590 _aBATCH-UPD
_b10
_c20130410
_lUCH01
_h0558
590 _aBATCH-UPD
_b10
_c20130914
_lUCH01
_h0338
590 _aCONVERSION
_b10
_c20130109
_lUCH01
_h1313
650 1 4 _aAnimales domésticos
_xAnatomía y fisiología.
_95892
650 1 4 _aFisiología comparada.
_941133
901 _aBK
942 _cLIBRO
949 _a591.1 D84
_bBC
_cLIBRO
_d33724000372116
_eLIBRO
_h3217
_i27886
_si
999 _c22817
_d22817